[Event "HUN-chT2 Asztalos 0910"]
[Site "Hungary"]
[Date "2010.03.21"]
[Round "8"]
[White "Musitz, Laszlo"]
[Black "Seres, Sandor"]
[Result "0-1"]
[WhiteElo "2290"]
[BlackElo "2161"]
[PlyCount "73"]
[EventDate "2009.11.08"]
[EventType "team-tourn"]
[EventRounds "11"]
[EventCountry "HUN"]
[SourceTitle "EXT 2011"]
[Source "ChessBase"]
[SourceDate "2010.11.26"]
[SourceVersion "1"]
[SourceVersionDate "2010.11.26"]
[SourceQuality "1"]
[WhiteTeam "Komlo"]
[BlackTeam "Mohacs"]
[WhiteTeamCountry "HUN"]
[BlackTeamCountry "HUN"]

1. d4 Nf6 2. c4 e6 3. Nc3 d5 4. Bg5 Be7 5. e3 0-0 6. Nf3 b6 7. cxd5 exd5 8. Bd3 Bb7 9. 0-0 Nbd7 10. Rc1 h6 11. Bh4 Rc8 12. Nb5 c5 13. Nxa7 Ra8 14. Nb5 Rxa2 15. Qe2 Ne4 16. Bxe7 Qxe7 17. Bb1 Ra5 18. Nc3 Nxc3 19. Rxc3 Ba6 20. Bd3 Bxd3 21. Qxd3 c4 22. Qf5 g6 23. Qf4 Kg7 24. Qc7 Qe6 25. Rcc1 Rfa8 26. Rfe1 R5a7 27. Qf4 f5 28. Red1 b5 29. b3 g5 30. Qg3 Nf6 31. bxc4 bxc4 32. Rb1 Ne4 33. Qe5+ Qxe5 34. Nxe5 Nc3 35. Nc6 Rc7 36. Nb4 Nxb1 37. Nxd5 0-1